000 00378 a2200169 4500
001 71968
020 _a8532217818
040 _cAnchieta - Colégio São Paulo
100 _aMachado, Ana Maria
240 1 0 _aOs três porquinhos
_lpor
245 1 0 _aOs três porquinhos
300 _a[21p.]
362 0 _a1996
440 1 _aFTD
650 4 _aLiteratura infantil
942 _cBK
999 _c71968
_d71968